[Event "Irena Warakomska Memorial A"]
[Site "Suwalki"]
[Date "2021.07.31"]
[Round "6"]
[White "Mulet, Piotr"]
[Black "Jarocka, Liwia"]
[Result "1/2-1/2"]
[Board "26"]
[WhiteElo "2215"]
[WhiteTitle "FM"]
[WhiteCountry "POL"]
[WhiteFideId "1106244"]
[WhiteEloChange "-6"]
[BlackElo "1984"]
[BlackTitle "FM"]
[BlackCountry "POL"]
[BlackFideId "21807558"]
[BlackEloChange "6"]

1. c4 {[%clk 1:30:43]} Nf6 {[%clk 1:30:42]} 2. Nc3 {[%clk 1:30:34]} e6 {[%clk
1:30:20]} 3. Nf3 {[%clk 1:30:21]} d5 {[%clk 1:30:38]} 4. e3 {[%clk 1:30:39]} Be7
{[%clk 1:30:06]} 5. d4 {[%clk 1:30:12]} O-O {[%clk 1:29:27]} 6. Bd3 {[%clk
1:29:41]} c5 {[%clk 1:28:16]} 7. O-O {[%clk 1:22:28]} Nc6 {[%clk 1:25:27]} 8. b3
{[%clk 1:20:11]} cxd4 {[%clk 1:23:58]} 9. exd4 {[%clk 1:20:26]} dxc4 {[%clk
1:21:09]} 10. bxc4 {[%clk 1:15:49]} b6 {[%clk 1:21:15]} 11. Bf4 {[%clk 1:08:09]}
g6 {[%clk 1:08:49]} 12. Be2 {[%clk 1:03:41]} Na5 {[%clk 1:04:05]} 13. Rb1 {[%clk
0:42:25]} Bb7 {[%clk 1:01:07]} 14. Nb5 {[%clk 0:40:21]} a6 {[%clk 0:58:08]} 15.
Bc7 {[%clk 0:39:35]} Qc8 {[%clk 0:56:15]} 16. Bd6 {[%clk 0:37:38]} Qd8 {[%clk
0:56:11]} 17. Bc7 {[%clk 0:38:02]} Qc8 {[%clk 0:55:37]} 18. Bd6 {[%clk 0:38:24]}
Qd8 {[%clk 0:55:42]} 19. Bc7 {[%clk 0:35:02]} Qc8 {[%clk 0:53:47]} 1/2-1/2

[Event "Irena Warakomska Memorial A"]
[Site "Suwalki"]
[Date "2021.07.31"]
[Round "6"]
[White "Renkowski, Piotr"]
[Black "Warchol, Kamil"]
[Result "0-1"]
[Board "27"]
[WhiteElo "2150"]
[WhiteCountry "POL"]
[WhiteFideId "1114166"]
[WhiteEloChange "-9"]
[BlackElo "2183"]
[BlackTitle "CM"]
[BlackCountry "POL"]
[BlackFideId "21858241"]
[BlackEloChange "9"]

1. c4 {[%clk 1:30:28]} e5 {[%clk 1:30:19]} 2. Nc3 {[%clk 1:30:55]} Nc6 {[%clk
1:29:49]} 3. Nf3 {[%clk 1:31:16]} d6 {[%clk 1:28:31]} 4. d4 {[%clk 1:31:19]} exd4
{[%clk 1:27:29]} 5. Nxd4 {[%clk 1:31:35]} Bd7 {[%clk 1:24:55]} 6. e4 {[%clk
1:31:01]} Nf6 {[%clk 1:23:26]} 7. Be2 {[%clk 1:30:32]} Be7 {[%clk 1:21:51]} 8.
O-O {[%clk 1:29:39]} O-O {[%clk 1:20:54]} 9. Be3 {[%clk 1:29:38]} Re8 {[%clk
1:16:51]} 10. f3 {[%clk 1:29:33]} h6 {[%clk 1:13:35]} 11. Qd2 {[%clk 1:28:29]}
Ne5 {[%clk 1:12:08]} 12. Rad1 {[%clk 1:20:46]} c6 {[%clk 1:07:15]} 13. h3 {[%clk
1:12:01]} a6 {[%clk 1:02:14]} 14. a4 {[%clk 1:10:05]} Bf8 {[%clk 0:51:50]} 15.
Rfe1 {[%clk 1:01:12]} Ng6 {[%clk 0:46:09]} 16. Bf1 {[%clk 0:58:22]} Qc7 {[%clk
0:41:27]} 17. Qf2 {[%clk 0:55:43]} Rac8 {[%clk 0:40:42]} 18. Nc2 {[%clk 0:52:56]}
d5 {[%clk 0:30:52]} 19. Bb6 {[%clk 0:35:57]} Qf4 {[%clk 0:26:54]} 20. g3 {[%clk
0:32:43]} Qb8 {[%clk 0:24:25]} 21. exd5 {[%clk 0:30:12]} Bd6 {[%clk 0:23:09]} 22.
f4 {[%clk 0:29:50]} cxd5 {[%clk 0:22:22]} 23. c5 {[%clk 0:26:33]} Bc7 {[%clk
0:19:08]} 24. a5 {[%clk 0:25:35]} Bxb6 {[%clk 0:16:14]} 25. axb6 {[%clk 0:25:54]}
Ne7 {[%clk 0:13:28]} 26. b4 {[%clk 0:24:26]} Bf5 {[%clk 0:13:18]} 27. Ne3 {[%clk
0:22:17]} Ne4 {[%clk 0:12:18]} 28. Nxe4 {[%clk 0:22:29]} Bxe4 {[%clk 0:12:42]}
29. Bg2 {[%clk 0:20:37]} Bxg2 {[%clk 0:08:37]} 30. Qxg2 {[%clk 0:20:34]} a5
{[%clk 0:07:30]} 31. Nxd5 {[%clk 0:17:28]} Nxd5 {[%clk 0:06:53]} 32. Qxd5 {[%clk
0:17:53]} axb4 {[%clk 0:05:43]} 33. Qc4 {[%clk 0:15:38]} Rxe1+ {[%clk 0:02:57]}
34. Rxe1 {[%clk 0:16:08]} Re8 {[%clk 0:03:13]} 35. Rxe8+ {[%clk 0:15:52]} Qxe8
{[%clk 0:03:41]} 36. c6 {[%clk 0:08:49]} bxc6 {[%clk 0:01:44]} 37. b7 {[%clk
0:05:06]} Qe3+ {[%clk 0:01:52]} 38. Kf1 {[%clk 0:03:53]} Qf3+ {[%clk 0:01:49]}
39. Kg1 {[%clk 0:02:31]} Qxg3+ {[%clk 0:01:09]} 40. Kh1 {[%clk 0:32:32]} Qxh3+
{[%clk 0:31:09]} 41. Kg1 {[%clk 0:33:01]} Qe3+ {[%clk 0:30:35]} 42. Kf1 {[%clk
0:33:25]} Qb6 {[%clk 0:30:52]} 43. Qxc6 {[%clk 0:33:31]} Qxc6 {[%clk 0:31:08]}
44. b8=Q+ {[%clk 0:33:54]} Kh7 {[%clk 0:31:29]} 45. Qxb4 {[%clk 0:34:21]} Qg6
{[%clk 0:30:28]} 46. Qc5 {[%clk 0:33:57]} Qf6 {[%clk 0:27:07]} 47. Qc2+ {[%clk
0:33:49]} g6 {[%clk 0:26:58]} 48. Qc4 {[%clk 0:34:16]} g5 {[%clk 0:25:37]} 49.
Qe4+ {[%clk 0:34:39]} Kg7 {[%clk 0:25:20]} 50. f5 {[%clk 0:35:06]} Qd6 {[%clk
0:25:08]} 51. Kg2 {[%clk 0:35:30]} Kf6 {[%clk 0:24:25]} 52. Qc2 {[%clk 0:35:40]}
Qd5+ {[%clk 0:24:42]} 53. Kg3 {[%clk 0:35:55]} Qxf5 {[%clk 0:24:45]} 54. Qa2
{[%clk 0:35:37]} Qe5+ {[%clk 0:24:19]} 55. Kf3 {[%clk 0:35:55]} Kg7 {[%clk
0:24:28]} 56. Kg4 {[%clk 0:36:08]} Qe6+ {[%clk 0:24:56]} 57. Kh5 {[%clk 0:36:32]}
Qh3# {[%clk 0:25:19]} 0-1

[Event "Irena Warakomska Memorial A"]
[Site "Suwalki"]
[Date "2021.07.31"]
[Round "6"]
[White "Wikar, Martyna"]
[Black "Golenia, Wojciech"]
[Result "0-1"]
[Board "28"]
[WhiteElo "2168"]
[WhiteCountry "POL"]
[WhiteFideId "21807663"]
[WhiteEloChange "-12"]
[BlackElo "2102"]
[BlackCountry "POL"]
[BlackFideId "1175300"]
[BlackEloChange "12"]

1. e4 {[%clk 1:24:32]} e5 {[%clk 1:29:06]} 2. Nf3 {[%clk 1:24:52]} Nc6 {[%clk
1:29:26]} 3. Bc4 {[%clk 1:25:16]} Nf6 {[%clk 1:29:47]} 4. d3 {[%clk 1:25:32]} h6
{[%clk 1:30:09]} 5. O-O {[%clk 1:24:24]} d6 {[%clk 1:30:29]} 6. c3 {[%clk
1:24:03]} g5 {[%clk 1:30:47]} 7. Be3 {[%clk 1:21:59]} Bg7 {[%clk 1:26:38]} 8.
Nbd2 {[%clk 1:16:05]} O-O {[%clk 1:23:02]} 9. d4 {[%clk 1:10:40]} Ng4 {[%clk
1:03:58]} 10. Qe2 {[%clk 1:01:08]} Kh8 {[%clk 1:00:23]} 11. dxe5 {[%clk 0:56:47]}
Nxe3 {[%clk 0:59:39]} 12. Qxe3 {[%clk 0:56:32]} dxe5 {[%clk 0:59:15]} 13. Rfd1
{[%clk 0:52:00]} Qf6 {[%clk 0:54:45]} 14. Nf1 {[%clk 0:44:12]} g4 {[%clk
0:52:39]} 15. Ne1 {[%clk 0:44:06]} Qg6 {[%clk 0:48:46]} 16. Ng3 {[%clk 0:38:07]}
h5 {[%clk 0:40:36]} 17. Bd3 {[%clk 0:36:50]} Bh6 {[%clk 0:34:47]} 18. Qc5 {[%clk
0:34:14]} Re8 {[%clk 0:33:41]} 19. Nf5 {[%clk 0:26:58]} Bf8 {[%clk 0:31:52]} 20.
Qb5 {[%clk 0:24:22]} a6 {[%clk 0:28:48]} 21. Qa4 {[%clk 0:22:30]} Be6 {[%clk
0:27:40]} 22. g3 {[%clk 0:21:56]} Bc5 {[%clk 0:25:46]} 23. Ng2 {[%clk 0:20:39]}
Ne7 {[%clk 0:23:32]} 24. b4 {[%clk 0:20:30]} Ba7 {[%clk 0:18:35]} 25. Qc2 {[%clk
0:19:14]} Qg5 {[%clk 0:16:10]} 26. c4 {[%clk 0:13:20]} Bxf5 {[%clk 0:13:04]} 27.
exf5 {[%clk 0:13:42]} Nc6 {[%clk 0:08:48]} 28. Be4 {[%clk 0:13:27]} Nd4 {[%clk
0:08:51]} 29. Qd2 {[%clk 0:12:40]} Qf6 {[%clk 0:07:04]} 30. Ne3 {[%clk 0:11:48]}
c6 {[%clk 0:06:25]} 31. c5 {[%clk 0:11:00]} Rad8 {[%clk 0:06:32]} 32. Qe1 {[%clk
0:10:05]} Bb8 {[%clk 0:04:18]} 33. Kg2 {[%clk 0:08:28]} Kg7 {[%clk 0:03:47]} 34.
a4 {[%clk 0:06:51]} Qg5 {[%clk 0:02:57]} 35. Qc3 {[%clk 0:03:55]} Rh8 {[%clk
0:02:49]} 36. Qc4 {[%clk 0:03:02]} h4 {[%clk 0:02:00]} 37. Nc2 {[%clk 0:02:00]}
Nxf5 {[%clk 0:01:27]} 38. Bxf5 {[%clk 0:00:52]} Qxf5 {[%clk 0:01:53]} 39. Ne3
{[%clk 0:00:46]} Qf3+ {[%clk 0:01:43]} 40. Kg1 {[%clk 0:31:11]} e4 {[%clk
0:30:36]} 41. Rxd8 {[%clk 0:27:43]} Rxd8 {[%clk 0:29:17]} 42. Re1 {[%clk
0:20:59]} Rd3 {[%clk 0:18:21]} 43. Ng2 {[%clk 0:15:21]} Rd2 {[%clk 0:16:01]} 44.
Qxe4 {[%clk 0:13:28]} hxg3 {[%clk 0:15:26]} 45. hxg3 {[%clk 0:12:42]} Qxf2+
{[%clk 0:15:36]} 0-1

[Event "Irena Warakomska Memorial A"]
[Site "Suwalki"]
[Date "2021.07.31"]
[Round "6"]
[White "Valantiejus, Vaidotas"]
[Black "Golecki, Jan"]
[Result "0-1"]
[Board "29"]
[WhiteElo "2124"]
[WhiteCountry "LTU"]
[WhiteFideId "12807370"]
[WhiteEloChange "-9"]
[BlackElo "2161"]
[BlackCountry "POL"]
[BlackFideId "1184008"]
[BlackEloChange "9"]

1. e4 {[%clk 1:30:57]} e5 {[%clk 1:28:01]} 2. Nf3 {[%clk 1:31:15]} Nc6 {[%clk
1:28:16]} 3. Bc4 {[%clk 1:31:21]} Bc5 {[%clk 1:28:41]} 4. O-O {[%clk 1:31:19]}
Nf6 {[%clk 1:29:09]} 5. d3 {[%clk 1:31:28]} d6 {[%clk 1:28:26]} 6. c3 {[%clk
1:31:36]} Bg4 {[%clk 1:22:52]} 7. Re1 {[%clk 1:22:47]} a6 {[%clk 1:22:28]} 8. a4
{[%clk 1:21:42]} O-O {[%clk 1:20:20]} 9. Nbd2 {[%clk 1:17:02]} Kh8 {[%clk
1:13:42]} 10. h3 {[%clk 1:11:00]} Be6 {[%clk 1:13:22]} 11. Ng5 {[%clk 1:04:32]}
Bxc4 {[%clk 1:10:14]} 12. Nxc4 {[%clk 1:04:54]} d5 {[%clk 1:09:40]} 13. exd5
{[%clk 1:04:55]} Qxd5 {[%clk 1:10:00]} 14. Qe2 {[%clk 0:58:38]} Rad8 {[%clk
0:58:57]} 15. Ne4 {[%clk 0:53:34]} Be7 {[%clk 0:46:47]} 16. Nxf6 {[%clk 0:53:24]}
Bxf6 {[%clk 0:46:58]} 17. Rd1 {[%clk 0:53:38]} Be7 {[%clk 0:41:05]} 18. Be3
{[%clk 0:40:30]} Qe6 {[%clk 0:32:58]} 19. f3 {[%clk 0:35:46]} Rd5 {[%clk
0:31:12]} 20. Bf2 {[%clk 0:34:31]} Qg6 {[%clk 0:27:51]} 21. Ne3 {[%clk 0:30:13]}
Rd7 {[%clk 0:28:14]} 22. Nc4 {[%clk 0:29:02]} Bf6 {[%clk 0:26:03]} 23. Rd2 {[%clk
0:28:33]} Rfd8 {[%clk 0:26:15]} 24. Rad1 {[%clk 0:28:44]} Bg5 {[%clk 0:24:53]}
25. Be3 {[%clk 0:28:52]} f6 {[%clk 0:24:24]} 26. Bxg5 {[%clk 0:28:46]} Qxg5
{[%clk 0:24:49]} 27. b4 {[%clk 0:22:24]} Ne7 {[%clk 0:24:59]} 28. d4 {[%clk
0:20:18]} Nd5 {[%clk 0:23:37]} 29. dxe5 {[%clk 0:17:32]} Nxc3 {[%clk 0:21:53]}
30. Rxd7 {[%clk 0:12:53]} Nxe2+ {[%clk 0:22:24]} 31. Kf2 {[%clk 0:13:06]} Rxd7
{[%clk 0:18:17]} 32. Rxd7 {[%clk 0:13:34]} fxe5 {[%clk 0:15:19]} 33. Nxe5 {[%clk
0:07:52]} Kg8 {[%clk 0:15:28]} 34. Nf7 {[%clk 0:07:37]} Qf6 {[%clk 0:15:46]} 35.
Rxc7 {[%clk 0:07:23]} Qb6+ {[%clk 0:16:05]} 0-1

[Event "Irena Warakomska Memorial A"]
[Site "Suwalki"]
[Date "2021.07.31"]
[Round "6"]
[White "Dwilewicz, Katarzyna"]
[Black "Kacprzak, Karol"]
[Result "1/2-1/2"]
[Board "30"]
[WhiteElo "2082"]
[WhiteTitle "WFM"]
[WhiteCountry "POL"]
[WhiteFideId "1148486"]
[WhiteEloChange "2"]
[BlackElo "2151"]
[BlackCountry "POL"]
[BlackFideId "21819327"]
[BlackEloChange "-2"]

1. e4 {[%clk 1:27:13]} c5 {[%clk 1:30:50]} 2. Nf3 {[%clk 1:27:37]} d6 {[%clk
1:31:12]} 3. d4 {[%clk 1:28:03]} cxd4 {[%clk 1:31:35]} 4. Nxd4 {[%clk 1:28:31]}
Nf6 {[%clk 1:31:52]} 5. Nc3 {[%clk 1:28:57]} a6 {[%clk 1:30:52]} 6. a4 {[%clk
1:29:15]} e6 {[%clk 1:30:59]} 7. Be3 {[%clk 1:29:01]} Be7 {[%clk 1:30:32]} 8. a5
{[%clk 1:29:04]} O-O {[%clk 1:25:01]} 9. Be2 {[%clk 1:28:54]} Nc6 {[%clk
1:19:15]} 10. Nb3 {[%clk 1:25:01]} Nd7 {[%clk 1:14:23]} 11. O-O {[%clk 1:22:44]}
b5 {[%clk 1:12:50]} 12. axb6 {[%clk 1:17:01]} Nxb6 {[%clk 1:12:59]} 13. Nd4
{[%clk 1:12:37]} Qc7 {[%clk 0:56:23]} 14. f4 {[%clk 1:05:34]} Bb7 {[%clk
0:43:47]} 15. Qd2 {[%clk 0:58:45]} Nd7 {[%clk 0:38:03]} 16. Nb3 {[%clk 0:53:02]}
Nc5 {[%clk 0:31:16]} 17. Nxc5 {[%clk 0:41:01]} dxc5 {[%clk 0:31:40]} 18. Bc4
{[%clk 0:40:14]} Nd4 {[%clk 0:26:12]} 19. Qf2 {[%clk 0:35:39]} Rfd8 {[%clk
0:21:48]} 20. Kh1 {[%clk 0:33:28]} Kh8 {[%clk 0:20:38]} 21. h3 {[%clk 0:23:44]}
Bf6 {[%clk 0:18:20]} 22. Rfd1 {[%clk 0:21:53]} Rd7 {[%clk 0:17:06]} 23. Rd2
{[%clk 0:20:23]} Be7 {[%clk 0:13:10]} 24. Qf1 {[%clk 0:15:59]} a5 {[%clk
0:08:50]} 25. Rad1 {[%clk 0:15:31]} Rad8 {[%clk 0:07:34]} 26. Qf2 {[%clk
0:14:00]} h6 {[%clk 0:07:21]} 27. Kh2 {[%clk 0:12:33]} Bc6 {[%clk 0:06:56]} 28.
Rd3 {[%clk 0:11:58]} a4 {[%clk 0:05:45]} 29. Bc1 {[%clk 0:06:12]} Qb7 {[%clk
0:05:31]} 30. Kh1 {[%clk 0:03:40]} Kh7 {[%clk 0:04:18]} 31. Ba2 {[%clk 0:02:35]}
Bf6 {[%clk 0:03:58]} 32. Re1 {[%clk 0:02:33]} Be7 {[%clk 0:03:02]} 33. Red1
{[%clk 0:02:40]} Bf6 {[%clk 0:02:23]} 34. Re1 {[%clk 0:03:06]} Be7 {[%clk
0:02:07]} 35. Red1 {[%clk 0:03:32]} Bf6 {[%clk 0:01:18]} 1/2-1/2

[Event "Irena Warakomska Memorial A"]
[Site "Suwalki"]
[Date "2021.07.31"]
[Round "6"]
[White "Liberadzki, Slawomir"]
[Black "Dylag, Emilia"]
[Result "1/2-1/2"]
[Board "31"]
[WhiteElo "2022"]
[WhiteCountry "POL"]
[WhiteFideId "1123483"]
[WhiteEloChange "3"]
[BlackElo "2144"]
[BlackTitle "WFM"]
[BlackCountry "POL"]
[BlackFideId "21805172"]
[BlackEloChange "-3"]

1. c4 {[%clk 1:30:53]} e6 {[%clk 1:30:25]} 2. e4 {[%clk 1:29:40]} c5 {[%clk
1:27:47]} 3. Nc3 {[%clk 1:29:26]} Nc6 {[%clk 1:27:19]} 4. Nge2 {[%clk 1:24:09]}
d6 {[%clk 1:25:28]} 5. d4 {[%clk 1:24:10]} cxd4 {[%clk 1:25:40]} 6. Nxd4 {[%clk
1:24:33]} Be7 {[%clk 1:23:21]} 7. Be3 {[%clk 1:24:38]} Nf6 {[%clk 1:23:07]} 8.
Be2 {[%clk 1:24:52]} O-O {[%clk 1:23:14]} 9. O-O {[%clk 1:25:13]} Bd7 {[%clk
1:21:04]} 10. Qd2 {[%clk 1:22:45]} a6 {[%clk 1:18:25]} 11. Rfd1 {[%clk 1:19:53]}
Rc8 {[%clk 1:17:09]} 12. Rac1 {[%clk 1:18:28]} Ne5 {[%clk 1:08:15]} 13. b3 {[%clk
1:18:13]} Neg4 {[%clk 0:58:08]} 14. Bg5 {[%clk 1:16:07]} h6 {[%clk 0:58:07]} 15.
Bh4 {[%clk 1:11:57]} Ne5 {[%clk 0:55:46]} 16. Nf3 {[%clk 0:54:51]} Ng6 {[%clk
0:51:23]} 17. Bg3 {[%clk 0:36:28]} Bc6 {[%clk 0:48:49]} 18. Bxd6 {[%clk 0:32:46]}
Bxd6 {[%clk 0:48:50]} 19. Qxd6 {[%clk 0:33:03]} Nxe4 {[%clk 0:43:53]} 20. Nxe4
{[%clk 0:26:14]} Bxe4 {[%clk 0:44:16]} 21. Qxd8 {[%clk 0:24:00]} Rfxd8 {[%clk
0:44:31]} 22. g3 {[%clk 0:18:50]} Kf8 {[%clk 0:43:45]} 23. Kf1 {[%clk 0:18:01]}
Ke7 {[%clk 0:43:10]} 24. Ke1 {[%clk 0:18:23]} Rxd1+ {[%clk 0:41:22]} 25. Rxd1
{[%clk 0:18:29]} Rc7 {[%clk 0:39:03]} 26. Kd2 {[%clk 0:16:25]} Rd7+ {[%clk
0:35:15]} 27. Ke3 {[%clk 0:16:21]} Rxd1 {[%clk 0:34:36]} 28. Bxd1 {[%clk
0:16:44]} Bc6 {[%clk 0:33:04]} 29. Nd4 {[%clk 0:16:58]} Kd6 {[%clk 0:32:25]} 30.
Nxc6 {[%clk 0:16:47]} bxc6 {[%clk 0:29:52]} 31. b4 {[%clk 0:16:30]} c5 {[%clk
0:24:17]} 32. a3 {[%clk 0:14:24]} Ne5 {[%clk 0:22:59]} 33. Be2 {[%clk 0:14:44]}
cxb4 {[%clk 0:20:34]} 34. axb4 {[%clk 0:15:07]} Nc6 {[%clk 0:20:00]} 35. c5+
{[%clk 0:11:32]} Kc7 {[%clk 0:19:59]} 36. b5 {[%clk 0:11:36]} axb5 {[%clk
0:20:23]} 37. Bxb5 {[%clk 0:12:00]} Ne7 {[%clk 0:18:41]} 38. Kd4 {[%clk 0:09:31]}
f6 {[%clk 0:15:54]} 39. f4 {[%clk 0:08:51]} Nf5+ {[%clk 0:09:00]} 40. Ke4 {[%clk
0:38:17]} Ne7 {[%clk 0:38:38]} 41. Be8 {[%clk 0:35:50]} Kd8 {[%clk 0:37:24]} 42.
Ba4 {[%clk 0:35:02]} Kc7 {[%clk 0:37:27]} 43. g4 {[%clk 0:34:18]} g5 {[%clk
0:33:09]} 44. Bb3 {[%clk 0:28:52]} Kc6 {[%clk 0:25:12]} 45. Kd4 {[%clk 0:26:43]}
gxf4 {[%clk 0:22:55]} 46. Bxe6 {[%clk 0:26:57]} f3 {[%clk 0:22:01]} 47. Bb3
{[%clk 0:19:02]} Kb5 {[%clk 0:21:16]} 48. Bc4+ {[%clk 0:18:18]} Kc6 {[%clk
0:21:30]} 49. Bd3 {[%clk 0:15:32]} f2 {[%clk 0:20:49]} 50. Bf1 {[%clk 0:14:45]}
f5 {[%clk 0:19:11]} 51. Bg2+ {[%clk 0:15:02]} Kb5 {[%clk 0:18:59]} 52. Bf1+
{[%clk 0:15:03]} Kc6 {[%clk 0:19:25]} 53. Bg2+ {[%clk 0:15:00]} Kb5 {[%clk
0:19:50]} 54. Bf1+ {[%clk 0:14:57]} 1/2-1/2

[Event "Irena Warakomska Memorial A"]
[Site "Suwalki"]
[Date "2021.07.31"]
[Round "6"]
[White "Kukula, Pawel"]
[Black "Maj, Pawel"]
[Result "0-1"]
[Board "32"]
[WhiteElo "2195"]
[WhiteCountry "POL"]
[WhiteFideId "1115081"]
[WhiteEloChange "-12"]
[BlackElo "2113"]
[BlackCountry "POL"]
[BlackFideId "21818290"]
[BlackEloChange "12"]

1. d4 {[%clk 1:30:56]} Nf6 {[%clk 1:30:54]} 2. Bf4 {[%clk 1:31:11]} g6 {[%clk
1:31:15]} 3. Nc3 {[%clk 1:31:35]} d5 {[%clk 1:30:01]} 4. e3 {[%clk 1:29:49]} Bg7
{[%clk 1:29:53]} 5. h4 {[%clk 1:26:59]} c5 {[%clk 1:24:05]} 6. Nf3 {[%clk
1:26:07]} cxd4 {[%clk 1:22:34]} 7. exd4 {[%clk 1:26:23]} Bf5 {[%clk 1:18:33]} 8.
Ne5 {[%clk 1:22:24]} Nbd7 {[%clk 1:12:11]} 9. g4 {[%clk 1:04:52]} Nxe5 {[%clk
1:02:32]} 10. gxf5 {[%clk 0:54:45]} Nc6 {[%clk 1:00:11]} 11. fxg6 {[%clk
0:51:08]} hxg6 {[%clk 1:00:33]} 12. Qd2 {[%clk 0:50:40]} Rc8 {[%clk 0:56:34]} 13.
O-O-O {[%clk 0:49:34]} a6 {[%clk 0:48:52]} 14. Kb1 {[%clk 0:48:48]} b5 {[%clk
0:47:41]} 15. f3 {[%clk 0:36:32]} e6 {[%clk 0:44:02]} 16. Ne2 {[%clk 0:35:59]}
Nh5 {[%clk 0:41:02]} 17. Bg5 {[%clk 0:31:50]} Qd6 {[%clk 0:41:24]} 18. Bh3 {[%clk
0:31:47]} b4 {[%clk 0:31:58]} 19. Bg4 {[%clk 0:31:10]} Na5 {[%clk 0:30:51]} 20.
b3 {[%clk 0:31:04]} Nc6 {[%clk 0:30:40]} 21. Qe3 {[%clk 0:30:14]} Na7 {[%clk
0:26:32]} 22. Bxh5 {[%clk 0:21:44]} Rxh5 {[%clk 0:26:43]} 23. Qd3 {[%clk
0:21:43]} Nb5 {[%clk 0:26:29]} 24. Bc1 {[%clk 0:21:57]} Bf6 {[%clk 0:23:49]} 25.
Rh3 {[%clk 0:20:03]} Rxh4 {[%clk 0:22:53]} 26. Rxh4 {[%clk 0:19:53]} Bxh4 {[%clk
0:23:18]} 27. Bb2 {[%clk 0:20:19]} Bf6 {[%clk 0:22:06]} 28. c4 {[%clk 0:15:33]}
bxc3 {[%clk 0:21:27]} 29. Nxc3 {[%clk 0:14:52]} Nxc3+ {[%clk 0:18:02]} 30. Bxc3
{[%clk 0:15:17]} Rc6 {[%clk 0:17:47]} 31. Kb2 {[%clk 0:12:27]} Qf4 {[%clk
0:17:30]} 32. Bb4 {[%clk 0:12:01]} Qf5 {[%clk 0:13:29]} 33. Qe2 {[%clk 0:11:09]}
Qf4 {[%clk 0:13:50]} 34. Qd3 {[%clk 0:11:28]} Be7 {[%clk 0:13:21]} 35. Bc3 {[%clk
0:09:42]} Qd6 {[%clk 0:13:05]} 36. Qd2 {[%clk 0:09:34]} Qg3 {[%clk 0:10:57]} 37.
Qd3 {[%clk 0:08:34]} Bg5 {[%clk 0:10:43]} 38. Qe2 {[%clk 0:06:22]} Qf4 {[%clk
0:10:22]} 39. Re1 {[%clk 0:04:45]} Kd7 {[%clk 0:09:49]} 40. Qd3 {[%clk 0:34:10]}
Qh2+ {[%clk 0:39:55]} 41. Re2 {[%clk 0:28:48]} Qg1 {[%clk 0:39:24]} 42. Bd2
{[%clk 0:26:35]} Qd1 {[%clk 0:33:51]} 43. Rf2 {[%clk 0:22:29]} Bf4 {[%clk
0:33:38]} 44. a4 {[%clk 0:21:24]} g5 {[%clk 0:27:49]} 45. Re2 {[%clk 0:11:16]}
Bxd2 {[%clk 0:19:57]} 46. Qxd2 {[%clk 0:08:57]} Qxd2+ {[%clk 0:20:21]} 47. Rxd2
{[%clk 0:09:25]} Kd6 {[%clk 0:20:16]} 48. Rh2 {[%clk 0:09:02]} Rc8 {[%clk
0:19:02]} 49. Rh7 {[%clk 0:08:59]} Ke7 {[%clk 0:19:16]} 50. Rh5 {[%clk 0:05:55]}
Kf6 {[%clk 0:19:40]} 51. b4 {[%clk 0:06:22]} Rc4 {[%clk 0:19:36]} 52. Kb3 {[%clk
0:06:49]} Rxd4 {[%clk 0:18:51]} 53. b5 {[%clk 0:06:51]} axb5 {[%clk 0:16:37]} 54.
axb5 {[%clk 0:07:16]} Ke7 {[%clk 0:16:04]} 55. Rh8 {[%clk 0:07:19]} Kd7 {[%clk
0:16:06]} 56. Rg8 {[%clk 0:06:13]} Kc7 {[%clk 0:16:19]} 57. Rxg5 {[%clk 0:05:39]}
Kb6 {[%clk 0:16:40]} 58. Kc3 {[%clk 0:06:02]} Rf4 {[%clk 0:17:04]} 59. Rg3 {[%clk
0:06:26]} Kxb5 {[%clk 0:17:27]} 60. Kd3 {[%clk 0:06:52]} Kc5 {[%clk 0:16:26]} 61.
Ke3 {[%clk 0:06:20]} e5 {[%clk 0:16:43]} 62. Rg8 {[%clk 0:06:38]} d4+ {[%clk
0:16:59]} 63. Ke2 {[%clk 0:07:03]} Kd5 {[%clk 0:17:01]} 64. Rd8+ {[%clk 0:07:19]}
Ke6 {[%clk 0:17:24]} 65. Re8+ {[%clk 0:07:44]} Kf5 {[%clk 0:17:46]} 66. Rh8
{[%clk 0:08:06]} f6 {[%clk 0:16:57]} 67. Rh3 {[%clk 0:08:29]} Ke6 {[%clk
0:17:09]} 68. Rh8 {[%clk 0:08:48]} Rf5 {[%clk 0:17:29]} 69. Re8+ {[%clk 0:09:11]}
Kf7 {[%clk 0:17:44]} 70. Rd8 {[%clk 0:09:30]} Rh5 {[%clk 0:17:51]} 71. Kd3 {[%clk
0:09:43]} Ke6 {[%clk 0:18:04]} 72. f4 {[%clk 0:09:42]} Rh3+ {[%clk 0:18:14]} 73.
Kd2 {[%clk 0:09:41]} Kf5 {[%clk 0:18:39]} 74. fxe5 {[%clk 0:10:07]} fxe5 {[%clk
0:19:06]} 75. Rf8+ {[%clk 0:10:04]} Ke4 {[%clk 0:19:30]} 76. Ra8 {[%clk 0:10:00]}
Rh2+ {[%clk 0:19:55]} 0-1

[Event "Irena Warakomska Memorial A"]
[Site "Suwalki"]
[Date "2021.07.31"]
[Round "6"]
[White "Lach, Aleksandra"]
[Black "Jankowiak, Piotr"]
[Result "1-0"]
[Board "33"]
[WhiteElo "2183"]
[WhiteTitle "WIM"]
[WhiteCountry "POL"]
[WhiteFideId "1134299"]
[WhiteEloChange "6"]
[BlackElo "2039"]
[BlackCountry "POL"]
[BlackFideId "1185250"]
[BlackEloChange "-6"]

1. e4 {[%clk 1:30:55]} d6 {[%clk 1:30:52]} 2. Bc4 {[%clk 1:30:01]} e5 {[%clk
1:28:38]} 3. d3 {[%clk 1:29:33]} g6 {[%clk 1:23:43]} 4. Nc3 {[%clk 1:20:09]} Bg7
{[%clk 1:22:39]} 5. Nge2 {[%clk 1:15:51]} Be6 {[%clk 1:16:43]} 6. O-O {[%clk
1:09:37]} Ne7 {[%clk 1:01:44]} 7. Bxe6 {[%clk 1:02:35]} fxe6 {[%clk 1:02:05]} 8.
f4 {[%clk 1:03:01]} O-O {[%clk 1:01:21]} 9. fxe5 {[%clk 0:58:36]} Rxf1+ {[%clk
0:56:43]} 10. Qxf1 {[%clk 0:59:01]} dxe5 {[%clk 0:57:02]} 11. Qf3 {[%clk
0:38:57]} Nbc6 {[%clk 0:53:08]} 12. Qh3 {[%clk 0:36:11]} Qd7 {[%clk 0:50:30]} 13.
Bg5 {[%clk 0:35:56]} Rf8 {[%clk 0:48:57]} 14. Rd1 {[%clk 0:34:41]} a6 {[%clk
0:27:17]} 15. a3 {[%clk 0:33:30]} Qd6 {[%clk 0:26:01]} 16. Rf1 {[%clk 0:22:44]}
Rxf1+ {[%clk 0:18:03]} 17. Kxf1 {[%clk 0:20:04]} b5 {[%clk 0:18:26]} 18. Nd1
{[%clk 0:18:26]} Nd8 {[%clk 0:06:32]} 19. Qh4 {[%clk 0:10:41]} Nec6 {[%clk
0:06:47]} 20. Qf2 {[%clk 0:10:17]} Nd4 {[%clk 0:04:24]} 21. Ng1 {[%clk 0:09:18]}
c5 {[%clk 0:03:33]} 22. Ne3 {[%clk 0:08:44]} h5 {[%clk 0:03:56]} 23. c3 {[%clk
0:07:22]} N4c6 {[%clk 0:03:58]} 24. Ke2 {[%clk 0:07:34]} Qf8 {[%clk 0:02:57]} 25.
Nf3 {[%clk 0:07:25]} Nf7 {[%clk 0:02:20]} 26. Qg3 {[%clk 0:07:10]} Nxg5 {[%clk
0:01:52]} 27. Nxg5 {[%clk 0:07:34]} Qf6 {[%clk 0:02:09]} 28. Nd1 {[%clk 0:06:22]}
Bh6 {[%clk 0:02:09]} 29. Nf3 {[%clk 0:06:51]} Kf7 {[%clk 0:02:07]} 30. Qf2 {[%clk
0:07:08]} Bf8 {[%clk 0:01:54]} 31. h4 {[%clk 0:06:51]} Ke8 {[%clk 0:01:51]} 32.
g3 {[%clk 0:07:12]} Kd8 {[%clk 0:01:32]} 33. b4 {[%clk 0:07:01]} Qe7 {[%clk
0:01:29]} 34. Ng5 {[%clk 0:07:15]} Kd7 {[%clk 0:01:20]} 35. bxc5 {[%clk 0:06:38]}
a5 {[%clk 0:01:09]} 36. Nb2 {[%clk 0:05:34]} Qxc5 {[%clk 0:00:35]} 37. Qf7+
{[%clk 0:06:02]} Be7 {[%clk 0:01:04]} 38. Qxe6+ {[%clk 0:06:00]} Kc7 {[%clk
0:00:48]} 39. Nd1 {[%clk 0:04:18]} Qxa3 {[%clk 0:01:02]} 40. Nf7 {[%clk 0:32:42]}
b4 {[%clk 0:30:31]} 41. Nxe5 {[%clk 0:28:18]} Nxe5 {[%clk 0:29:49]} 42. Qxe7+
{[%clk 0:22:34]} Nd7 {[%clk 0:30:11]} 43. Ne3 {[%clk 0:18:43]} Qa2+ {[%clk
0:09:22]} 44. Kf3 {[%clk 0:18:09]} Qa4 {[%clk 0:08:14]} 45. cxb4 {[%clk 0:15:16]}
axb4 {[%clk 0:06:37]} 46. Qxb4 {[%clk 0:13:19]} Ne5+ {[%clk 0:06:38]} 47. Ke2
{[%clk 0:13:46]} Qa2+ {[%clk 0:05:16]} 48. Qd2 {[%clk 0:14:15]} Qa6 {[%clk
0:02:40]} 49. Qc3+ {[%clk 0:13:01]} Kd6 {[%clk 0:02:54]} 50. Nc4+ {[%clk
0:12:46]} Nxc4 {[%clk 0:03:17]} 51. Qf6+ {[%clk 0:13:08]} 1-0